[Event "BRA-ch 88th"]
[Site "Recife"]
[Date "2022.12.23"]
[Round "11"]
[White "Moura, Eduardo Henrique B"]
[Black "De Lima, Alexsandro Barros"]
[Result "1-0"]
[WhiteElo "2098"]
[BlackElo "2198"]
[PlyCount "46"]
[EventDate "2022.12.15"]
[EventType "swiss"]
[EventRounds "11"]
[EventCountry "BRA"]
[SourceTitle "CBM 212 Extra"]
[Source "ChessBase"]
[SourceDate "2023.03.31"]
[SourceVersion "1"]
[SourceVersionDate "2023.03.31"]
[SourceQuality "1"]

1. e4 c5 2. c3 d5 3. exd5 Qxd5 4. d4 Nc6 5. Nf3 Bg4 6. Be2 cxd4 7. cxd4 e6 8. 0-0 Nf6 9. h3 Bh5 10. Nc3 Qa5 11. Be3 Be7 12. Qb3 Qb4 13. g4 Qxb3 14. axb3 Bg6 15. Ne5 0-0 16. g5 Nd5 17. Nxd5 exd5 18. Nxc6 bxc6 19. Rfc1 Bf5 20. Rxc6 a5 21. Bf3 Be6 22. Bf4 Bxh3 23. Bxd5 Rad8 1-0

[Event "BRA-ch 88th"]
[Site "Recife"]
[Date "2022.12.21"]
[Round "9"]
[White "Do Nascimento, Christian Almeida"]
[Black "De Lima, Alexsandro Barros"]
[Result "1-0"]
[WhiteElo "2087"]
[BlackElo "2198"]
[PlyCount "44"]
[EventDate "2022.12.15"]
[EventType "swiss"]
[EventRounds "11"]
[EventCountry "BRA"]
[SourceTitle "CBM 212 Extra"]
[Source "ChessBase"]
[SourceDate "2023.03.31"]
[SourceVersion "1"]
[SourceVersionDate "2023.03.31"]
[SourceQuality "1"]

1. d4 Nf6 2. Bg5 d5 3. e3 c5 4. Nc3 Nc6 5. Bxf6 gxf6 6. dxc5 e6 7. Qh5 Qa5 8. 0-0-0 a6 9. Kb1 Qxc5 10. Nf3 Bd7 11. Nd2 b5 12. Nb3 Qb6 13. g3 b4 14. Ne2 a5 15. Bh3 a4 16. Nbc1 Ra5 17. Nd4 Ne5 18. b3 f5 19. f4 Nc6 20. g4 fxg4 21. Qxg4 Ne7 22. Rhg1 Qc5 1-0

[Event "BRA-ch 88th"]
[Site "Recife"]
[Date "2022.12.19"]
[Round "6"]
[White "De Lima, Alexsandro Barros"]
[Black "Do Nascimento, Davi Alves"]
[Result "1-0"]
[WhiteElo "2198"]
[BlackElo "1968"]
[PlyCount "130"]
[EventDate "2022.12.15"]
[EventType "swiss"]
[EventRounds "11"]
[EventCountry "BRA"]
[SourceTitle "CBM 212 Extra"]
[Source "ChessBase"]
[SourceDate "2023.03.31"]
[SourceVersion "1"]
[SourceVersionDate "2023.03.31"]
[SourceQuality "1"]

1. e4 e5 2. Nf3 Nc6 3. Bc4 Bc5 4. c3 Nf6 5. d3 d6 6. 0-0 Be6 7. Bxe6 fxe6 8. b4 Bb6 9. a4 a6 10. Re1 Ng4 11. Ra2 0-0 12. h3 Nxf2 13. Rxf2 Bxf2+ 14. Kxf2 Qh4+ 15. Ke2 Qg3 16. Rg1 Rxf3 17. gxf3 Qh2+ 18. Kf1 Qxh3+ 19. Kf2 Rf8 20. Rh1 Qg4 21. Be3 d5 22. Bc5 Rf7 23. b5 axb5 24. axb5 b6 25. Bxb6 dxe4 26. dxe4 Qxe4 27. bxc6 Qxc6 28. Be3 e4 29. Nd2 exf3 30. Qc2 h6 31. Rh3 e5 32. Rxf3 Rxf3+ 33. Nxf3 e4 34. Nd2 Qd6 35. Qxe4 Qf6+ 36. Nf3 Qxc3 37. Bd4 Qc4 38. Qe8+ Kh7 39. Qd7 Qc2+ 40. Ke3 Qc1+ 41. Ke4 Qc2+ 42. Kf4 Qg2 43. Qxc7 Qg6 44. Qd7 Qg2 45. Qf5+ Kg8 46. Ke3 Qg3 47. Be5 Qg2 48. Kf4 Kh8 49. Ke3 Kg8 50. Kd3 Qf1+ 51. Kc3 Qa1+ 52. Kb4 Qa8 53. Qe6+ Kh7 54. Qe7 Qe4+ 55. Nd4 Qb1+ 56. Ka5 Qa1+ 57. Kb6 Qg1 58. Kc7 Qc1+ 59. Nc6 Qg1 60. Qf7 Qg5 61. Kd6 Qg6+ 62. Ke7 Qg5+ 63. Kf8 Qg6 64. Ne7 Qg5 65. Nc6 Qg6 1-0

[Event "BRA-ch U26"]
[Site "Brasilia"]
[Date "2022.09.21"]
[Round "3"]
[White "De Lima, Alexsandro Barros"]
[Black "Dos Santos, Joao Mateus Araujo"]
[Result "1-0"]
[WhiteElo "2151"]
[BlackElo "1932"]
[PlyCount "132"]
[EventDate "2022.09.20"]
[EventType "swiss"]
[EventRounds "6"]
[EventCountry "BRA"]
[SourceTitle "EXT 2024"]
[Source "ChessBase"]
[SourceDate "2023.10.10"]
[SourceVersion "1"]
[SourceVersionDate "2023.10.10"]
[SourceQuality "1"]

1. c4 Nf6 2. Nc3 e6 3. e4 c5 4. e5 Ng8 5. Nf3 Nc6 6. d4 cxd4 7. Nxd4 Nxe5 8. Ndb5 a6 9. Nd6+ Bxd6 10. Qxd6 f6 11. Be3 Ne7 12. Bb6 Nf5 13. Qb4 Nc6 14. Qb3 Nfd4 15. Bxd4 Nxd4 16. Qd1 Qb6 17. Qd2 0-0 18. 0-0-0 Nf5 19. Ne4 d5 20. Ng3 Nh4 21. Kb1 Qc6 22. cxd5 exd5 23. Qb4 Ng6 24. Rxd5 b5 25. Rd6 Qc7 26. Qd4 Ne5 27. Bd3 Qf7 28. Be4 Bb7 29. Rd1 Bxe4+ 30. Nxe4 Qc4 31. Nc5 Rfc8 32. Rd5 Qe2 33. b3 Re8 34. Qb2 Qg4 35. f3 Qg6+ 36. Ka1 a5 37. Ne4 Rab8 38. Qe2 Nc6 39. Rxb5 Kh8 40. Rxb8 Rxb8 41. g4 h5 42. h3 Ne5 43. f4 Nc6 44. f5 Qe8 45. Re1 a4 46. Nc5 Qxe2 47. Rxe2 axb3 48. Nxb3 Rb4 49. Re6 Ne5 50. g5 Kg8 51. gxf6 gxf6 52. Rxf6 Rh4 53. Re6 Nc4 54. Rg6+ Kf7 55. Rg3 Rf4 56. Kb1 Rxf5 57. Rc3 Rf1+ 58. Nc1 Ne5 59. Kb2 Ke6 60. a4 Kd5 61. Kb3 h4 62. a5 Rf6 63. Na2 Rf3 64. Nb4+ Kd6 65. a6 Rxc3+ 66. Kxc3 Kc7 1-0

[Event "Florianopolis op 6th"]
[Site "Florianopolis"]
[Date "2020.01.26"]
[Round "10"]
[White "Souza dos Santos, Matheus Garcett"]
[Black "De Lima, Alexsandro Barros"]
[Result "1-0"]
[WhiteElo "1927"]
[BlackElo "2205"]
[PlyCount "59"]
[EventDate "2020.01.20"]
[EventType "swiss"]
[EventRounds "10"]
[EventCountry "BRA"]
[SourceTitle "CBM 194 Extra"]
[Source "ChessBase"]
[SourceDate "2020.03.31"]
[SourceVersion "1"]
[SourceVersionDate "2020.03.31"]
[SourceQuality "1"]

1. e4 c5 2. Nf3 d6 3. d4 cxd4 4. Nxd4 Nf6 5. Nc3 a6 6. Bg5 e6 7. f4 h6 8. Bh4 Be7 9. Qf3 Nbd7 10. 0-0-0 Qc7 11. Bxf6 Nxf6 12. g4 b5 13. a3 Bb7 14. h4 d5 15. e5 Ne4 16. Nxe4 dxe4 17. Qe3 0-0-0 18. Bg2 g5 19. Bxe4 gxf4 20. Bxb7+ Kxb7 21. Qe4+ Kb6 22. Rh3 Rd5 23. Rc3 Qd7 24. Rcd3 Bxh4 25. Nf3 Be7 26. Rxd5 exd5 27. Rxd5 Qc6 28. e6 Rd8 29. Qd4+ Bc5 30. Rxc5 1-0

[Event "Florianopolis op 6th"]
[Site "Florianopolis"]
[Date "2020.01.22"]
[Round "4"]
[White "Reichert, Thiago da Cruz"]
[Black "De Lima, Alexsandro Barros"]
[Result "1/2-1/2"]
[WhiteElo "1948"]
[BlackElo "2205"]
[PlyCount "58"]
[EventDate "2020.01.20"]
[EventType "swiss"]
[EventRounds "10"]
[EventCountry "BRA"]
[SourceTitle "CBM 194 Extra"]
[Source "ChessBase"]
[SourceDate "2020.03.31"]
[SourceVersion "1"]
[SourceVersionDate "2020.03.31"]
[SourceQuality "1"]

1. d4 Nf6 2. c4 e6 3. Nc3 Bb4 4. Bd2 0-0 5. Nf3 b6 6. a3 Bxc3 7. Bxc3 Ne4 8. Qc2 Bb7 9. g3 d6 10. Bg2 Qc8 11. 0-0 Nd7 12. b3 Nxc3 13. Qxc3 f5 14. Rac1 Nf6 15. c5 bxc5 16. dxc5 Ne4 17. Qc2 Nxc5 18. b4 Be4 19. Qc3 Na6 20. Rfd1 Qb7 21. Nh4 Bxg2 22. Nxg2 Qc8 23. Nf4 Re8 24. Nh5 Re7 25. Rxd6 cxd6 26. Qxc8+ Rxc8 27. Rxc8+ Kf7 28. Rc6 Nc7 29. Nf4 Rd7 1/2-1/2

[Event "Joao Pessoa de Assis Memorial 1st"]
[Site "Joao Pessoa"]
[Date "2019.11.15"]
[Round "2"]
[White "De Lima, Alexsandro Barros"]
[Black "Da Silva, Camila Evaristo"]
[Result "1-0"]
[WhiteElo "2208"]
[BlackElo "1659"]
[PlyCount "53"]
[EventDate "2019.11.15"]
[EventType "swiss"]
[EventRounds "6"]
[EventCountry "BRA"]
[SourceTitle "CBM 193 Extra"]
[Source "ChessBase"]
[SourceDate "2020.01.31"]
[SourceVersion "1"]
[SourceVersionDate "2020.01.31"]
[SourceQuality "1"]

1. e4 c5 2. Nf3 d6 3. d4 cxd4 4. Nxd4 Nf6 5. Nc3 a6 6. Bg5 e6 7. Qf3 Be7 8. 0-0-0 Nbd7 9. Rg1 h6 10. Be3 Qc7 11. g4 g5 12. Qh3 Rh7 13. Be2 b5 14. a3 Bb7 15. f3 Rc8 16. Qf1 Ne5 17. Bf2 d5 18. exd5 Nxd5 19. Nxd5 Bxd5 20. Bg3 Bd6 21. Bd3 Nxd3+ 22. Qxd3 f6 23. Bxd6 Qxd6 24. Qxh7 Qxh2 25. Rge1 e5 26. Nxb5 e4 27. Rxd5 1-0

[Event "Recife Arraes Memorial 12th"]
[Site "Recife"]
[Date "2019.08.31"]
[Round "3"]
[White "Da Silva Araujo, Gabriel Victor"]
[Black "De Lima, Alexsandro Barros"]
[Result "1/2-1/2"]
[WhiteElo "2007"]
[BlackElo "2235"]
[PlyCount "75"]
[EventDate "2019.08.30"]
[EventType "swiss"]
[EventRounds "6"]
[EventCountry "BRA"]
[SourceTitle "EXT 2020"]
[Source "ChessBase"]
[SourceDate "2019.10.17"]
[SourceVersion "1"]
[SourceVersionDate "2019.10.17"]
[SourceQuality "1"]

1. d4 Nf6 2. c4 e6 3. Nf3 d5 4. g3 Be7 5. Bg2 0-0 6. 0-0 dxc4 7. a4 Nc6 8. Na3 Na5 9. Qc2 Nd5 10. Nxc4 Nb4 11. Qc3 Nxc4 12. Qxc4 b6 13. Bd2 Ba6 14. Qb3 c5 15. dxc5 bxc5 16. Bxb4 Rb8 17. Ne5 Rxb4 18. Qc2 Bb7 19. Bxb7 Rxb7 20. Nc6 Qb6 21. Nxe7+ Rxe7 22. Rfc1 Rc7 23. Rab1 a5 24. Rd1 c4 25. Rd2 Qb3 26. Rc1 Qxc2 27. Rdxc2 Rfc8 28. Rc3 Kf8 29. b3 Rb8 30. Rxc4 Rxc4 31. Rxc4 Rxb3 32. Rc5 Ra3 33. Rxa5 Ke7 34. Ra7+ Kf6 35. Kg2 h5 36. a5 g5 37. a6 g4 38. Ra8 1/2-1/2

[Event "Teresina op 7th"]
[Site "Teresina"]
[Date "2019.08.03"]
[Round "4"]
[White "De Lima, Alexsandro Barros"]
[Black "Mello Sales, Caio de"]
[Result "1/2-1/2"]
[WhiteElo "2235"]
[BlackElo "2056"]
[PlyCount "125"]
[EventDate "2019.08.02"]
[EventType "swiss"]
[EventRounds "6"]
[EventCountry "BRA"]
[SourceTitle "EXT 2020"]
[Source "ChessBase"]
[SourceDate "2019.10.17"]
[SourceVersion "1"]
[SourceVersionDate "2019.10.17"]
[SourceQuality "1"]

1. e4 e6 2. d4 d5 3. Nd2 dxe4 4. Nxe4 Bd7 5. Nf3 Bc6 6. Bd3 Nd7 7. 0-0 Ngf6 8. Ng3 Bd6 9. Re1 Bxf3 10. Qxf3 c6 11. Nf5 Bf8 12. Qg3 g6 13. Nd6+ Bxd6 14. Qxd6 Qe7 15. Qg3 Nh5 16. Qf3 Nb6 17. b3 0-0-0 18. Bb2 Rhg8 19. a4 Qf6 20. Qxf6 Nxf6 21. c4 Nh5 22. Bf1 Ng7 23. a5 Na8 24. g3 Nf5 25. Red1 Nc7 26. Bg2 Rd7 27. a6 Rgd8 28. axb7+ Kxb7 29. Ra4 Nxd4 30. Bxd4 Rxd4 31. Rb4+ Kc8 32. Rxd4 Rxd4 33. Bxc6 Rd6 34. Bb7+ Kd8 35. c5 Rd1+ 36. Kg2 Rc1 37. Rd4+ Ke7 38. Bc6 Nd5 39. Bxd5 exd5 40. Rxd5 a5 41. c6 Rxc6 42. Rxa5 Rb6 43. Re5+ Kd6 44. Re3 f5 45. Kf3 Kd5 46. Ke2 Rb4 47. Kd2 f4 48. Rd3+ Ke5 49. Kc3 Rb7 50. b4 fxg3 51. hxg3 Rc7+ 52. Kb3 Ke4 53. Rd2 g5 54. Rd6 Rf7 55. Kc4 Rxf2 56. Re6+ Kf3 57. Rf6+ Kxg3 58. Rxf2 Kxf2 59. b5 g4 60. b6 g3 61. b7 g2 62. b8Q g1Q 63. Qa7+ 1/2-1/2

[Event "Recife Tavares Memorial 2nd"]
[Site "Recife"]
[Date "2019.05.11"]
[Round "4"]
[White "De Saboya E Silva, Jose Frederic"]
[Black "De Lima, Alexsandro Barros"]
[Result "0-1"]
[WhiteElo "2076"]
[BlackElo "2215"]
[PlyCount "80"]
[EventDate "2019.05.10"]
[EventType "swiss"]
[EventRounds "6"]
[EventCountry "BRA"]
[SourceTitle "CBM 190 Extra"]
[Source "ChessBase"]
[SourceDate "2019.07.15"]
[SourceVersion "1"]
[SourceVersionDate "2019.07.15"]
[SourceQuality "1"]

1. d4 Nf6 2. c4 g6 3. Nc3 Bg7 4. g3 0-0 5. Bg2 d6 6. Nf3 Nbd7 7. 0-0 e5 8. h3 c6 9. Bg5 Qa5 10. dxe5 dxe5 11. Nd2 h6 12. Be3 Ne8 13. Qc1 Kh7 14. Nb3 Qc7 15. Nc5 Nd6 16. Nxd7 Bxd7 17. Bc5 Rfe8 18. Bxd6 Qxd6 19. Ne4 Qe7 20. Rd1 Be6 21. Nd6 Red8 22. c5 f5 23. e4 Rf8 24. exf5 gxf5 25. Qc2 Kh8 26. a4 e4 27. Ra3 Bd5 28. g4 fxg4 29. hxg4 Rf4 30. Nf5 Qg5 31. Rg3 Be5 32. Ne3 Raf8 33. Rh3 Rxf2 34. Qxf2 Rxf2 35. Kxf2 Bf4 36. Nxd5 cxd5 37. Rh5 Be3+ 38. Ke1 Qxg4 39. Rdxd5 Qxg2 40. Rhf5 Bg5 0-1

[Event "Florianopolis op 5th"]
[Site "Florianopolis"]
[Date "2019.01.22"]
[Round "3"]
[White "De Lima, Alexsandro Barros"]
[Black "Delgado Ramirez, Neuris"]
[Result "0-1"]
[WhiteElo "2168"]
[BlackElo "2623"]
[PlyCount "58"]
[EventDate "2019.01.21"]
[EventType "swiss"]
[EventRounds "10"]
[EventCountry "BRA"]
[SourceTitle "CBM 188 Extra"]
[Source "ChessBase"]
[SourceDate "2019.02.26"]
[SourceVersion "1"]
[SourceVersionDate "2019.02.26"]
[SourceQuality "1"]

1. e4 c5 2. Nf3 d6 3. d4 cxd4 4. Nxd4 Nf6 5. Nc3 Nc6 6. Bg5 Qa5 7. Bxf6 gxf6 8. Nb3 Qg5 9. Nd5 Rb8 10. Qf3 Bg7 11. Qe3 Qxe3+ 12. Nxe3 f5 13. exf5 Bxb2 14. Rb1 Bc3+ 15. Kd1 Bg7 16. f4 0-0 17. a3 d5 18. Bd3 e6 19. fxe6 fxe6 20. g3 b5 21. Kd2 a5 22. c3 e5 23. fxe5 Nxe5 24. Rhf1 Rxf1 25. Bxf1 Nc4+ 26. Bxc4 bxc4 27. Nxd5 Bh6+ 28. Ke1 Rxb3 29. Rd1 Kf7 0-1

[Event "Luiz Rego Memorial 6th"]
[Site "Teresina"]
[Date "2018.08.05"]
[Round "5"]
[White "De Lima, Alexsandro Barros"]
[Black "Delgado Ramirez, Neuris"]
[Result "0-1"]
[WhiteElo "2131"]
[BlackElo "2615"]
[PlyCount "56"]
[EventDate "2018.08.03"]
[EventType "swiss"]
[EventRounds "6"]
[EventCountry "BRA"]
[SourceTitle "CBM 186 Extra"]
[Source "ChessBase"]
[SourceDate "2018.08.24"]
[SourceVersion "1"]
[SourceVersionDate "2018.08.24"]
[SourceQuality "1"]

1. e4 c5 2. Nf3 d6 3. d4 cxd4 4. Nxd4 Nf6 5. Nc3 a6 6. f4 e5 7. Nf3 Nbd7 8. Be3 Be7 9. Qd3 0-0 10. 0-0-0 b5 11. a3 Bb7 12. fxe5 dxe5 13. g4 b4 14. axb4 Bxb4 15. g5 Qa5 16. gxf6 Nxf6 17. Nd2 Rfd8 18. Qc4 Bxc3 19. Nb3 Rxd1+ 20. Kxd1 Qd8+ 21. Kc1 Bxe4 22. Rg1 Rc8 23. Nc5 Bd4 24. Bxd4 exd4 25. Bh3 Qa5 26. Bxc8 Qa1+ 27. Kd2 Qxg1 28. Qe2 Qg5+ 0-1

[Event "Luiz Rego Memorial 6th"]
[Site "Teresina"]
[Date "2018.08.04"]
[Round "3"]
[White "De Lima, Alexsandro Barros"]
[Black "Amorim, Gidelson Ferreira"]
[Result "1-0"]
[WhiteElo "2131"]
[BlackElo "2000"]
[PlyCount "61"]
[EventDate "2018.08.03"]
[EventType "swiss"]
[EventRounds "6"]
[EventCountry "BRA"]
[SourceTitle "CBM 186 Extra"]
[Source "ChessBase"]
[SourceDate "2018.08.24"]
[SourceVersion "1"]
[SourceVersionDate "2018.08.24"]
[SourceQuality "1"]

1. e4 e6 2. d4 d5 3. Nd2 Be7 4. Ngf3 c5 5. exd5 Qxd5 6. Bc4 Qd6 7. 0-0 Nf6 8. dxc5 Qxc5 9. Qe2 0-0 10. Nb3 Qc7 11. Bg5 b6 12. Rfe1 Nc6 13. Bh4 Rd8 14. Rad1 h6 15. Rxd8+ Bxd8 16. Bg3 Qe7 17. Nbd4 Bd7 18. Qd3 Nxd4 19. Nxd4 Rc8 20. c3 Rc5 21. b4 Rh5 22. Bb3 b5 23. Bd1 Rd5 24. Bf3 Rxd4 25. Qxd4 Bb6 26. Qd6 Qe8 27. Be5 Qc8 28. Rd1 Be8 29. Bxf6 gxf6 30. Rd3 Qc4 31. Be2 1-0

[Event "Luiz Rego Memorial 6th"]
[Site "Teresina"]
[Date "2018.08.03"]
[Round "2"]
[White "Da Silva, Francisco Iran Sant"]
[Black "De Lima, Alexsandro Barros"]
[Result "0-1"]
[WhiteElo "1871"]
[BlackElo "2131"]
[PlyCount "61"]
[EventDate "2018.08.03"]
[EventType "swiss"]
[EventRounds "6"]
[EventCountry "BRA"]
[SourceTitle "CBM 186 Extra"]
[Source "ChessBase"]
[SourceDate "2018.08.24"]
[SourceVersion "1"]
[SourceVersionDate "2018.08.24"]
[SourceQuality "1"]

1. e4 d6 2. d4 Nf6 3. Nc3 g6 4. Bg5 h6 5. Bh4 Bg7 6. e5 Nfd7 7. e6 fxe6 8. Qg4 Kf7 9. Bd3 g5 10. Bg3 Nf6 11. Qe2 Nc6 12. Qe3 Nb4 13. 0-0-0 Nxd3+ 14. Qxd3 Bd7 15. f3 b5 16. h4 Nd5 17. hxg5 hxg5 18. Nh3 Nxc3 19. Qxc3 Bf6 20. Qd3 Qg8 21. Nf2 Qg6 22. Rxh8 Qxd3 23. Nxd3 Rxh8 24. Nf2 Kg6 25. Kb1 Bc6 26. Ng4 Bxd4 27. c3 Bg7 28. Ne3 a5 29. Nc2 Bd5 30. Ne3 Bb7 31. c4 0-1

[Event "BRA-ch Amateur U2200"]
[Site "Sao Paulo"]
[Date "2018.06.02"]
[Round "5"]
[White "De Lima, Alexsandro Barros"]
[Black "De Carvalho, Jose Jorge"]
[Result "0-1"]
[WhiteElo "2084"]
[BlackElo "2194"]
[PlyCount "62"]
[EventDate "2018.05.31"]
[EventType "swiss"]
[EventRounds "7"]
[EventCountry "BRA"]
[SourceTitle "EXT 2019"]
[Source "ChessBase"]
[SourceDate "2018.10.10"]
[SourceVersion "1"]
[SourceVersionDate "2018.10.10"]
[SourceQuality "1"]

1. d4 Nf6 2. Nf3 e6 3. e3 b6 4. Bd3 Bb7 5. 0-0 g6 6. b3 Bg7 7. Bb2 0-0 8. Nbd2 d5 9. Ne5 Nc6 10. f4 Nxe5 11. fxe5 Nd7 12. Qg4 c5 13. Rf3 Qe7 14. Raf1 f5 15. exf6 Rxf6 16. Qg3 Rxf3 17. Nxf3 Rc8 18. Ng5 Rf8 19. Rxf8+ Nxf8 20. Nf3 Bc6 21. Ne5 Be8 22. a4 Qc7 23. Bb5 Bxb5 24. axb5 Bxe5 25. Qxe5 Qxe5 26. dxe5 Kf7 27. h4 h5 28. Kf2 g5 29. g4 Kg6 30. hxg5 hxg4 31. e4 dxe4 0-1

[Event "BRA-ch Amateur U2200"]
[Site "Sao Paulo"]
[Date "2018.06.01"]
[Round "3"]
[White "De Lima, Alexsandro Barros"]
[Black "Soares, Renan Barbosa Monte"]
[Result "1-0"]
[WhiteElo "2084"]
[BlackElo "2156"]
[PlyCount "77"]
[EventDate "2018.05.31"]
[EventType "swiss"]
[EventRounds "7"]
[EventCountry "BRA"]
[SourceTitle "EXT 2019"]
[Source "ChessBase"]
[SourceDate "2018.10.10"]
[SourceVersion "1"]
[SourceVersionDate "2018.10.10"]
[SourceQuality "1"]

1. e4 d6 2. d4 Nf6 3. Nc3 g6 4. f4 Bg7 5. Nf3 0-0 6. Bd3 Na6 7. 0-0 c5 8. d5 Bg4 9. h3 Bxf3 10. Qxf3 Nb4 11. a3 Nxd3 12. cxd3 Rb8 13. Rb1 Nd7 14. Bd2 b5 15. b4 a5 16. Rfc1 cxb4 17. axb4 a4 18. Ne2 e6 19. dxe6 fxe6 20. Qg4 Qb6+ 21. Kh2 Rbe8 22. Qg3 e5 23. f5 gxf5 24. Bh6 Re7 25. Qg5 Rff7 26. Rc8+ Nf8 27. Rbc1 Qb7 28. Ng3 Qd7 29. Nxf5 Rxf5 30. exf5 Rf7 31. f6 Rxf6 32. R8c7 Rg6 33. Rxd7 Rxg5 34. Bxg5 e4 35. Be7 Be5+ 36. Kh1 Kf7 37. Bxf8+ Ke6 38. Re7+ Kd5 39. dxe4+ 1-0